Music Quiz

Random Music or Song Quiz

Clickin' #1 Songs Quiz Stats

 Plays Quiz Updated Jul 11, 2017

Support Sporcle.
Go Orange.
Score 0/22 Timer 05:00
0 Plays Today
% Correct
Walkin'
94.3%
Stayin'
94.3%
Livin'
94.2%
Fallin'
92.9%
Rollin'
92.8%
Gettin'
92.6%
Feelin'
90.4%
Sittin'
89%
Lovin'
86.3%
Tossin'
85.6%
Makin'
85.3%
% Correct
Lightnin'
83.9%
Travelin'
78.5%
Talkin'
77.8%
Hangin'
77.4%
Truckin'
74.5%
Somethin'
73.8%
Groovin'
71.3%
Cracklin'
65.5%
Nothin'
59.2%
Snappin'
54.6%
Learnin'
54.3%

You're not logged in!

Compare scores with friends on all Sporcle quizzes.
OR
Log In
Forgot?

From the Vault

Shirts in Glee's 'Born This Way'

by kromclovinfasho

This one goes out to all the Gleeks out there.
Remove Ads.
Support Sporcle.
Get the best of Sporcle when you Go Orange. This ad-free experience offers more features, more stats, and more fun while also helping to support Sporcle. Thank you for becoming a member.

Show Comments

Extras

Top Quizzes Today


Score Distribution

Your Account Isn't Verified!

In order to create a playlist on Sporcle, you need to verify the email address you used during registration. Go to your Sporcle Settings to finish the process.

Report this User

Report this user for behavior that violates our Community Guidelines.

Details: